[Event "Wch Seniors 50 29th"]
[Site "Bucharest"]
[Date "2019.11.18"]
[Round "6"]
[White "Syrchikov, Alexander"]
[Black "Breitkopf, Ioan Francisc"]
[Result "1/2-1/2"]
[WhiteElo "2246"]
[BlackElo "2016"]
[PlyCount "95"]
[EventDate "2019.11.12"]
[EventType "swiss"]
[EventRounds "11"]
[EventCountry "ROU"]
[SourceTitle "CBM 193 Extra"]
[Source "ChessBase"]
[SourceDate "2020.01.31"]
[SourceVersion "1"]
[SourceVersionDate "2020.01.31"]
[SourceQuality "1"]

1. Nf3 d6 2. e4 Bg4 3. d4 Nf6 4. Nc3 Nbd7 5. Be2 e5 6. Be3 Be7 7. h3 Bh5 8. 0-0 c6 9. a4 a5 10. Nh4 Bg6 11. Nxg6 hxg6 12. Qd2 Qc7 13. Rad1 Rd8 14. f4 exd4 15. Bxd4 Nc5 16. Qe3 0-0 17. Bc4 Rfe8 18. Bxc5 dxc5 19. Qg3 Rd4 20. Ba2 Nxe4 21. Qxg6 c4 22. Rxd4 Bc5 23. Bxc4 Bxd4+ 24. Kh2 Bxc3 25. bxc3 Nd2 26. Qd3 Nxf1+ 27. Qxf1 Re4 28. g3 Qe7 29. h4 Qc5 30. Bd3 Rxa4 31. Qe2 g6 32. f5 Kg7 33. fxg6 fxg6 34. Qe6 Qf2+ 35. Kh3 Qf6 36. Qc8 Qf7 37. c4 Ra3 38. Qd8 c5 39. h5 Rxd3 40. cxd3 Qf1+ 41. Kh2 Qf2+ 42. Kh3 Qf1+ 43. Kh2 Qe2+ 44. Kg1 Qe3+ 45. Kg2 Qe2+ 46. Kg1 Qxh5 47. Qe7+ Kh6 48. Qf8+ 1/2-1/2

[Event "Wch Seniors 50 29th"]
[Site "Bucharest"]
[Date "2019.11.14"]
[Round "3"]
[White "Smith, Peter R"]
[Black "Syrchikov, Alexander"]
[Result "1/2-1/2"]
[WhiteElo "2044"]
[BlackElo "2246"]
[PlyCount "94"]
[EventDate "2019.11.12"]
[EventType "swiss"]
[EventRounds "11"]
[EventCountry "ROU"]
[SourceTitle "CBM 193 Extra"]
[Source "ChessBase"]
[SourceDate "2020.01.31"]
[SourceVersion "1"]
[SourceVersionDate "2020.01.31"]
[SourceQuality "1"]

1. Nf3 Nf6 2. c4 c5 3. Nc3 b6 4. g3 Bb7 5. Bg2 e6 6. 0-0 Be7 7. b3 0-0 8. Bb2 a6 9. Rc1 Qc7 10. d4 cxd4 11. Nxd4 Bxg2 12. Kxg2 d6 13. e4 Nbd7 14. f3 Rfe8 15. Qd2 Ne5 16. Rfe1 Qb7 17. Re2 Rad8 18. Qe1 Nd3 19. Qd2 Nxc1 20. Qxc1 Nd7 21. Qd2 Ne5 22. f4 g6 23. Qe3 Ng4 24. Qf3 Nf6 25. g4 Bf8 26. f5 exf5 27. gxf5 Bg7 28. fxg6 hxg6 29. Nd5 Nxd5 30. cxd5 Qe7 31. Nc6 Qg5+ 32. Qg3 Qxg3+ 33. hxg3 Rd7 34. Bxg7 Kxg7 35. g4 f5 36. gxf5 gxf5 37. Nd4 Rf7 38. Ne6+ Kf6 39. exf5 Rg8+ 40. Kf3 Kxf5 41. Nd4+ Kg6+ 42. Ke4 Re7+ 43. Ne6 Kf7 44. Rf2+ Ke8 45. Rc2 Kf7 46. Rf2+ Ke8 47. Rc2 Kf7 1/2-1/2

[Event "Wch Seniors 50 29th"]
[Site "Bucharest"]
[Date "2019.11.12"]
[Round "1"]
[White "Kirppo, Ronny"]
[Black "Syrchikov, Alexander"]
[Result "1/2-1/2"]
[WhiteElo "1901"]
[BlackElo "2246"]
[PlyCount "54"]
[EventDate "2019.11.12"]
[EventType "swiss"]
[EventRounds "11"]
[EventCountry "ROU"]
[SourceTitle "CBM 193 Extra"]
[Source "ChessBase"]
[SourceDate "2020.01.31"]
[SourceVersion "1"]
[SourceVersionDate "2020.01.31"]
[SourceQuality "1"]

1. d4 Nf6 2. c4 e6 3. Nf3 b6 4. g3 Bb7 5. Bg2 Be7 6. 0-0 0-0 7. Nc3 Ne4 8. Qc2 Nxc3 9. Qxc3 c5 10. Rd1 Bf6 11. Be3 Nc6 12. Qd2 d6 13. d5 exd5 14. cxd5 Ne7 15. Bg5 Nxd5 16. Bxf6 Nxf6 17. Qxd6 Qxd6 18. Rxd6 Rfe8 19. e3 Rad8 20. Rad1 Rxd6 21. Rxd6 Kf8 22. Nh4 Bxg2 23. Kxg2 Ne4 24. Rd7 Re7 25. Rd8+ Re8 26. Rd7 Re7 27. Rd8+ Re8 1/2-1/2

[Event "Moscow op-A 13th"]
[Site "Moscow"]
[Date "2017.02.02"]
[Round "6"]
[White "Srinath, Rao SV"]
[Black "Syrchikov, Alexander"]
[Result "1-0"]
[WhiteElo "2278"]
[BlackElo "2386"]
[PlyCount "67"]
[EventDate "2017.01.28"]
[EventType "swiss"]
[EventRounds "9"]
[EventCountry "RUS"]
[SourceTitle "EXT 2018"]
[Source "ChessBase"]
[SourceDate "2017.10.13"]
[SourceVersion "1"]
[SourceVersionDate "2017.10.13"]
[SourceQuality "1"]

1. e4 g6 2. d4 Bg7 3. Nc3 d6 4. Be3 Nf6 5. f3 Nc6 6. Bb5 a6 7. Bxc6+ bxc6 8. Qd2 e5 9. Nge2 exd4 10. Bxd4 0-0 11. 0-0-0 Be6 12. g4 Rb8 13. g5 Nh5 14. Bxg7 Nxg7 15. h4 Nh5 16. Nf4 Nxf4 17. Qxf4 f6 18. Qg3 Qe7 19. f4 f5 20. h5 Qg7 21. hxg6 hxg6 22. Rh6 Kf7 23. e5 Rbd8 24. Rdh1 Rh8 25. Qh4 Rxh6 26. gxh6 Qh8 27. h7 Re8 28. Nd1 Bd5 29. Re1 Re6 30. Nf2 g5 31. Qh5+ Kf8 32. Nh3 Bf3 33. Qxf3 g4 34. Qb3 1-0

[Event "Moscow op-A 13th"]
[Site "Moscow"]
[Date "2017.01.28"]
[Round "1"]
[White "Syrchikov, Alexander"]
[Black "Konaplev, Anton"]
[Result "1/2-1/2"]
[WhiteElo "2386"]
[BlackElo "2182"]
[PlyCount "90"]
[EventDate "2017.01.28"]
[EventType "swiss"]
[EventRounds "9"]
[EventCountry "RUS"]
[SourceTitle "EXT 2018"]
[Source "ChessBase"]
[SourceDate "2017.10.13"]
[SourceVersion "1"]
[SourceVersionDate "2017.10.13"]
[SourceQuality "1"]

1. e4 e6 2. d4 d5 3. Nd2 c5 4. exd5 exd5 5. Ngf3 a6 6. Be2 Nf6 7. 0-0 c4 8. Re1 Be7 9. b3 b5 10. a4 Bb7 11. axb5 axb5 12. Rxa8 Bxa8 13. bxc4 bxc4 14. c3 0-0 15. Qc2 Nc6 16. Bf1 Re8 17. Ne5 Nxe5 18. Rxe5 Bd6 19. Rxe8+ Qxe8 20. Qd1 Bc6 21. Qe2 Qa8 22. Nf3 Ne4 23. Ng5 Nxg5 24. Bxg5 h6 25. Be7 Bc7 26. Bb4 Ba5 27. Bxa5 Qxa5 28. Qe1 Bd7 29. Be2 Be6 30. h3 Qa3 31. Kh2 Qb2 32. Bg4 Bxg4 33. hxg4 Kh7 34. Qe3 Qb8+ 35. g3 Qd6 36. Kg2 Qe6 37. Qxe6 fxe6 38. f4 Kg6 39. Kh3 Kf6 40. Kh4 g6 41. Kh3 Ke7 42. Kg2 Kf6 43. Kf2 g5 44. Ke3 Kg6 45. Kf3 Kf6 1/2-1/2

[Event "EU-ch Seniors 50 16th"]
[Site "Yerevan"]
[Date "2016.06.08"]
[Round "4"]
[White "Kalegin, Evgenij"]
[Black "Syrchikov, Alexander"]
[Result "1-0"]
[WhiteElo "2431"]
[BlackElo "2437"]
[PlyCount "135"]
[EventDate "2016.06.05"]
[EventType "swiss"]
[EventRounds "9"]
[EventCountry "ARM"]
[SourceTitle "CBM 172 Extra"]
[Source "ChessBase"]
[SourceDate "2016.06.21"]
[SourceVersion "1"]
[SourceVersionDate "2016.06.21"]
[SourceQuality "1"]

1. e4 c6 2. d4 d5 3. Nc3 dxe4 4. Nxe4 Bf5 5. Ng3 Bg6 6. Nf3 Nd7 7. h4 h6 8. h5 Bh7 9. Bd3 Bxd3 10. Qxd3 e6 11. Bd2 Qc7 12. 0-0-0 Ngf6 13. Ne4 0-0-0 14. g3 Nc5 15. Nxc5 Bxc5 16. c4 Bd6 17. Bc3 Kb8 18. Kb1 Ka8 19. Qe2 c5 20. Ne5 Rc8 21. dxc5 Bxe5 22. Qxe5 Qxc5 23. Qxc5 Rxc5 24. Bxf6 gxf6 25. Rd7 Rf8 26. Rhd1 a5 27. Re7 Rxc4 28. Rdd7 Re4 29. Rxb7 Re1+ 30. Kc2 Re2+ 31. Kb3 Rb8 32. Rxb8+ Kxb8 33. f4 Rg2 34. Rxf7 Rxg3+ 35. Ka4 Rg2 36. Ka3 Rh2 37. Rxf6 Rxh5 38. Rxe6 Kb7 39. b3 Rh2 40. f5 Rf2 41. f6 h5 42. Ka4 h4 43. Kxa5 h3 44. a4 h2 45. Re7+ Kc6 46. Rh7 Rf5+ 47. Kb4 Rf4+ 48. Ka3 Rf2 49. f7 Rxf7 50. Rxh2 Rf6 51. Rh5 Kb6 52. a5+ Ka6 53. Ka4 Rf1 54. Rh6+ Ka7 55. b4 Ra1+ 56. Kb5 Rg1 57. Rh7+ Ka8 58. a6 Rg8 59. Ka5 Rf8 60. b5 Rg8 61. Rc7 Rg5 62. Kb6 Rg8 63. Rc5 Kb8 64. Ka5 Ka8 65. b6 Rb8 66. b7+ Ka7 67. Rc8 Rxc8 68. bxc8B 1-0

[Event "EU-ch Seniors 50 16th"]
[Site "Yerevan"]
[Date "2016.06.07"]
[Round "3"]
[White "Syrchikov, Alexander"]
[Black "Khachatrian, Garik"]
[Result "1-0"]
[WhiteElo "2437"]
[BlackElo "2101"]
[PlyCount "77"]
[EventDate "2016.06.05"]
[EventType "swiss"]
[EventRounds "9"]
[EventCountry "ARM"]
[SourceTitle "CBM 172 Extra"]
[Source "ChessBase"]
[SourceDate "2016.06.21"]
[SourceVersion "1"]
[SourceVersionDate "2016.06.21"]
[SourceQuality "1"]

1. d4 Nf6 2. Nf3 e6 3. Bg5 h6 4. Bh4 c5 5. e3 cxd4 6. exd4 d5 7. c3 Be7 8. Bd3 Nbd7 9. Nbd2 0-0 10. 0-0 b6 11. Re1 Bb7 12. Ne5 Nxe5 13. dxe5 Nd7 14. Bxe7 Qxe7 15. Nf3 Rfd8 16. Qd2 Nc5 17. Bc2 a5 18. a4 Ne4 19. Qe3 Qc7 20. Nd4 Nc5 21. Qh3 Qe7 22. Re3 Ne4 23. Qh5 Qg5 24. Qe2 Rab8 25. Bd3 Rbc8 26. Rf1 Qe7 27. Rh3 Rf8 28. Rh5 f5 29. exf6 Qxf6 30. f4 Rce8 31. Re5 Rf7 32. Qg4 Nc5 33. Bg6 Nxa4 34. Bxf7+ Kxf7 35. Qh5+ g6 36. Qxh6 Nxb2 37. Qh7+ Qg7 38. Qh3 Nc4 39. Nxe6 1-0

[Event "Chigorin Memorial 20th"]
[Site "St Petersburg"]
[Date "2012.11.04"]
[Round "9"]
[White "Syrchikov, Alexander"]
[Black "Mikhailov, Viacheslav"]
[Result "1/2-1/2"]
[WhiteElo "2208"]
[BlackElo "2326"]
[PlyCount "119"]
[EventDate "2012.10.27"]
[EventType "swiss"]
[EventRounds "9"]
[EventCountry "RUS"]
[SourceTitle "EXT 2013"]
[Source "ChessBase"]
[SourceDate "2012.11.22"]
[SourceVersion "1"]
[SourceVersionDate "2012.11.22"]
[SourceQuality "1"]

1. d4 Nf6 2. Nf3 e6 3. Bg5 b6 4. e3 Bb7 5. Bd3 Be7 6. Nbd2 h6 7. Bxf6 Bxf6 8. e4 d6 9. 0-0 Nd7 10. Qe2 e5 11. c3 0-0 12. Ba6 Qc8 13. Bxb7 Qxb7 14. dxe5 dxe5 15. b4 Rfe8 16. Rfd1 Nf8 17. Nc4 Ng6 18. g3 Rad8 19. Rd2 Rxd2 20. Nfxd2 Rd8 21. Kg2 Qc6 22. Rc1 Bg5 23. Rc2 Qe6 24. Ne3 Bxe3 25. Qxe3 Qg4 26. f3 Qd7 27. Nc4 Qe6 28. Qe2 h5 29. h4 Nf8 30. Ne3 Qd7 31. Nf1 Qd1 32. Qxd1 Rxd1 33. Ne3 Ra1 34. Nd5 Ne6 35. Ne7+ Kf8 36. Nc6 f6 37. Nxa7 Ke7 38. Nb5 c6 39. Na3 b5 40. Rb2 g5 41. c4 bxc4 42. Nxc4 gxh4 43. gxh4 Nf4+ 44. Kh2 Nd3 45. Rd2 Nxb4 46. a3 Na6 47. Rg2 Rc1 48. Rg7+ Kf8 49. Ra7 Rxc4 50. Rxa6 Ke7 51. Ra7+ Kd6 52. Rf7 Ke6 53. Rc7 f5 54. exf5+ Kxf5 55. Kg3 Rc3 56. Kf2 Ke6 57. Rh7 Rxa3 58. Rxh5 c5 59. f4 exf4 60. Rxc5 1/2-1/2

[Event "Chigorin Memorial 20th"]
[Site "St Petersburg"]
[Date "2012.11.03"]
[Round "8"]
[White "Lugovskoy, Maxim"]
[Black "Syrchikov, Alexander"]
[Result "1/2-1/2"]
[WhiteElo "2372"]
[BlackElo "2208"]
[PlyCount "80"]
[EventDate "2012.10.27"]
[EventType "swiss"]
[EventRounds "9"]
[EventCountry "RUS"]
[SourceTitle "EXT 2013"]
[Source "ChessBase"]
[SourceDate "2012.11.22"]
[SourceVersion "1"]
[SourceVersionDate "2012.11.22"]
[SourceQuality "1"]

1. e4 c5 2. Nf3 d6 3. Bb5+ Nd7 4. d4 a6 5. Be2 cxd4 6. Nxd4 Ngf6 7. Nc3 g6 8. 0-0 Bg7 9. Be3 Nc5 10. f3 0-0 11. Nb3 Nfd7 12. Qd5 Qc7 13. Qd2 Nb6 14. Nd4 Ne6 15. Nb3 Bxc3 16. bxc3 Nc4 17. Bxc4 Qxc4 18. Rae1 Ng7 19. Bd4 e5 20. Be3 Be6 21. Bh6 Rad8 22. f4 f5 23. fxe5 dxe5 24. Qg5 Qc7 25. Nd2 Rf7 26. h4 Rdf8 27. Nf3 fxe4 28. Rxe4 Bd5 29. Re3 Bxf3 30. Bxg7 Kxg7 31. Rexf3 Rxf3 32. Rxf3 Rxf3 33. gxf3 Qxc3 34. Qe7+ Kh6 35. Qg5+ Kg7 36. Qe7+ Kh6 37. Qg5+ Kg7 38. Qe7+ Kh6 39. Qg5+ Kg7 40. Qe7+ Kh6 1/2-1/2

[Event "Chigorin Memorial 20th"]
[Site "St Petersburg"]
[Date "2012.11.01"]
[Round "6"]
[White "Baryshpolets, Andrey"]
[Black "Syrchikov, Alexander"]
[Result "1-0"]
[WhiteElo "2510"]
[BlackElo "2208"]
[PlyCount "73"]
[EventDate "2012.10.27"]
[EventType "swiss"]
[EventRounds "9"]
[EventCountry "RUS"]
[SourceTitle "EXT 2013"]
[Source "ChessBase"]
[SourceDate "2012.11.22"]
[SourceVersion "1"]
[SourceVersionDate "2012.11.22"]
[SourceQuality "1"]

1. d4 Nf6 2. c4 e6 3. g3 d5 4. Bg2 Be7 5. Nf3 0-0 6. 0-0 dxc4 7. Ne5 Nc6 8. Nxc6 bxc6 9. Na3 Bxa3 10. bxa3 Nd5 11. Qa4 Nb6 12. Qxc6 Rb8 13. Qc5 Bb7 14. e4 Qd7 15. Bf4 Rbc8 16. Rab1 Rfd8 17. Rfd1 Bc6 18. Rdc1 a6 19. Be3 Bb5 20. Qh5 Bc6 21. d5 Ba8 22. Bh3 g6 23. Qg5 f5 24. Bxb6 cxb6 25. Rxb6 Re8 26. Qf6 exd5 27. exf5 Rc6 28. Rxc6 Qxc6 29. Qd4 Re4 30. Qd1 d4 31. f3 Re8 32. Bf1 Qxf3 33. Bxc4+ Kf8 34. Qxf3 Bxf3 35. fxg6 hxg6 36. Rf1 Re3 37. Bd5 1-0

[Event "Chigorin Memorial 20th"]
[Site "St Petersburg"]
[Date "2012.10.27"]
[Round "1"]
[White "Syrchikov, Alexander"]
[Black "Smirin, Ilia"]
[Result "0-1"]
[WhiteElo "2208"]
[BlackElo "2638"]
[PlyCount "82"]
[EventDate "2012.10.27"]
[EventType "swiss"]
[EventRounds "9"]
[EventCountry "RUS"]
[SourceTitle "EXT 2013"]
[Source "ChessBase"]
[SourceDate "2012.11.22"]
[SourceVersion "1"]
[SourceVersionDate "2012.11.22"]
[SourceQuality "1"]

1. Nf3 c5 2. c4 Nc6 3. d4 cxd4 4. Nxd4 g6 5. Nc3 Bg7 6. e3 Nf6 7. Be2 0-0 8. 0-0 Nxd4 9. Qxd4 d6 10. e4 Be6 11. Qe3 Qc7 12. Nd5 Nxd5 13. exd5 Bf5 14. g4 Bd7 15. Rb1 e6 16. dxe6 Bxe6 17. b3 d5 18. Bb2 Bxb2 19. Rxb2 Rfe8 20. Qg3 Qb6 21. cxd5 Bxd5 22. Rd1 Qf6 23. Rbd2 Bc6 24. Rd6 Qb2 25. Bc4 Re7 26. a4 Rae8 27. Rd8 Rxd8 28. Rxd8+ Kg7 29. Rd1 Qc2 30. Qd3 Qxd3 31. Bxd3 Bf3 32. Rc1 Bxg4 33. Kg2 Be6 34. b4 Rd7 35. Be2 Rd4 36. Rb1 Bd5+ 37. Kg1 a5 38. bxa5 Rxa4 39. Rd1 Rxa5 40. f3 Kf6 41. Kf2 Ke5 0-1

[Event "Privolzhskogo FO-ch"]
[Site "Kazan"]
[Date "2012.03.05"]
[Round "8"]
[White "Syrchikov, Alexander"]
[Black "Uraev, Ivan"]
[Result "1/2-1/2"]
[WhiteElo "2294"]
[BlackElo "2218"]
[PlyCount "111"]
[EventDate "2012.02.26"]
[EventType "swiss"]
[EventRounds "9"]
[EventCountry "RUS"]
[SourceTitle "CBM 147 Extra"]
[Source "ChessBase"]
[SourceDate "2012.04.24"]
[SourceVersion "1"]
[SourceVersionDate "2012.04.24"]
[SourceQuality "1"]

1. e4 c5 2. Nf3 a6 3. g3 d6 4. Bg2 e6 5. 0-0 Qc7 6. c3 c4 7. a4 Nc6 8. b3 cxb3 9. Qxb3 Nf6 10. Re1 Be7 11. d4 0-0 12. Nbd2 Na5 13. Qc2 e5 14. Qd3 Bd7 15. Ba3 Rfe8 16. Bb4 Nc6 17. Ba3 Rac8 18. Rec1 Na5 19. c4 exd4 20. Nxd4 g6 21. Bb2 Bf8 22. h3 Bg7 23. Kh2 b6 24. Rc2 Nb7 25. N2b3 Rcd8 26. Ne2 Nc5 27. Nxc5 dxc5 28. Qb3 Nxe4 29. Bxe4 Rxe4 30. Nc3 Bxc3 31. Qxc3 Rd4 32. Rd2 Bc6 33. Rad1 Qe5 34. Rxd4 cxd4 35. Rxd4 Rxd4 36. Qxd4 Qxd4 37. Bxd4 Bxa4 38. Bxb6 Bb3 39. c5 h5 40. c6 Kf8 41. g4 hxg4 42. hxg4 Ke7 43. Kg3 Kd6 44. c7 Be6 45. Kf4 Kc6 46. Ba5 Kb5 47. Bc3 a5 48. g5 a4 49. Ke3 Kc4 50. Be5 a3 51. Kd2 Bf5 52. Bd6 Kb3 53. Kc1 a2 54. Be5 Be6 55. Kd2 Kc4 56. Kc1 1/2-1/2

[Event "Privolzhskogo FO-ch"]
[Site "Kazan"]
[Date "2012.03.04"]
[Round "7"]
[White "Syrchikov, Alexander"]
[Black "Faizrakhmanov, Ramil"]
[Result "1/2-1/2"]
[WhiteElo "2294"]
[BlackElo "2190"]
[PlyCount "135"]
[EventDate "2012.02.26"]
[EventType "swiss"]
[EventRounds "9"]
[EventCountry "RUS"]
[SourceTitle "CBM 147 Extra"]
[Source "ChessBase"]
[SourceDate "2012.04.24"]
[SourceVersion "1"]
[SourceVersionDate "2012.04.24"]
[SourceQuality "1"]

1. Nf3 Nf6 2. c4 c5 3. Nc3 e6 4. g3 b6 5. Bg2 Bb7 6. 0-0 Be7 7. d4 cxd4 8. Qxd4 0-0 9. b3 d6 10. Ba3 Na6 11. Rad1 Nc5 12. Ne1 Bxg2 13. Nxg2 a6 14. Bb2 Qc7 15. Ne3 Qb7 16. Ng4 Ncd7 17. Nxf6+ Nxf6 18. a4 h6 19. h3 Rfd8 20. Kh2 Rac8 21. e4 Bf8 22. e5 Ne8 23. exd6 Bxd6 24. Qe4 Qb8 25. Qe2 Be5 26. Rxd8 Rxd8 27. Rd1 Rxd1 28. Nxd1 Bxb2 29. Nxb2 Qd6 30. Nd3 a5 31. Qe3 Nf6 32. Ne5 Kf8 33. Kg2 Ke7 34. Qf4 g5 35. Qe3 Nd7 36. Ng4 Qc6+ 37. f3 Qc5 38. Qc3 h5 39. Ne3 Qe5 40. Qxe5 Nxe5 41. f4 gxf4 42. gxf4 Nd3 43. Kg3 Kf6 44. Nc2 Kf5 45. Nd4+ Ke4 46. Nb5 f5 47. Nd6+ Ke3 48. c5 Nxc5 49. Nc4+ Ke4 50. Nxb6 Nxb3 51. Nc4 h4+ 52. Kxh4 Kxf4 53. Kh5 Kg3 54. h4 f4 55. Kg5 Nd4 56. h5 Nf5 57. h6 Nxh6 58. Kxh6 f3 59. Kg5 Kf2 60. Ne5 Ke2 61. Nxf3 Kxf3 62. Kf6 Ke4 63. Kxe6 Kd4 64. Kf5 Kc4 65. Ke4 Kb3 66. Kd3 Kxa4 67. Kc2 Ka3 68. Kb1 1/2-1/2

[Event "Privolzhskogo FO-ch"]
[Site "Kazan"]
[Date "2012.03.01"]
[Round "4"]
[White "Syrchikov, Alexander"]
[Black "Vafin, Ayrat"]
[Result "1-0"]
[WhiteElo "2294"]
[BlackElo "2171"]
[PlyCount "117"]
[EventDate "2012.02.26"]
[EventType "swiss"]
[EventRounds "9"]
[EventCountry "RUS"]
[SourceTitle "CBM 147 Extra"]
[Source "ChessBase"]
[SourceDate "2012.04.24"]
[SourceVersion "1"]
[SourceVersionDate "2012.04.24"]
[SourceQuality "1"]

1. d4 Nf6 2. Nf3 e6 3. Bg5 d5 4. e3 c5 5. c3 Qb6 6. Qc2 Nc6 7. Nbd2 Bd7 8. Qb3 Qxb3 9. axb3 Bd6 10. Bb5 a6 11. 0-0 0-0 12. Bd3 e5 13. dxe5 Nxe5 14. Nxe5 Bxe5 15. e4 dxe4 16. Nxe4 Nxe4 17. Bxe4 Rab8 18. Rfd1 Be6 19. Bd5 Rfe8 20. Be3 Bd6 21. g3 Bf8 22. Bxe6 Rxe6 23. Rd7 f6 24. Bf4 Rbe8 25. Rxb7 Re1+ 26. Rxe1 Rxe1+ 27. Kg2 Rb1 28. Be3 Rxb2 29. c4 Bd6 30. h4 h5 31. Kf3 Kh7 32. Ke4 Re2 33. Rb6 Be5 34. Kd3 Ra2 35. Bxc5 a5 36. Be3 a4 37. bxa4 Rxa4 38. c5 Kg6 39. c6 Kf5 40. Rb7 g5 41. hxg5 fxg5 42. Rb5 Ra3+ 43. Ke2 Ra2+ 44. Kf3 g4+ 45. Kg2 Ke4 46. Rb4+ Kd5 47. Rb5+ Ke4 48. Rc5 Ra8 49. Bf4 Bxf4 50. gxf4 Kxf4 51. Rxh5 Rc8 52. Rc5 Rc7 53. Rc3 Kg5 54. Kg3 Kf5 55. Rc2 Ke4 56. Kxg4 Rg7+ 57. Kh5 Kf5 58. Rc5+ Kf6 59. c7 1-0

[Event "Privolzhskogo FO-ch"]
[Site "Kazan"]
[Date "2012.02.28"]
[Round "2"]
[White "Syrchikov, Alexander"]
[Black "Ospennikov, Dmitry V"]
[Result "1/2-1/2"]
[WhiteElo "2294"]
[BlackElo "2200"]
[PlyCount "158"]
[EventDate "2012.02.26"]
[EventType "swiss"]
[EventRounds "9"]
[EventCountry "RUS"]
[SourceTitle "CBM 147 Extra"]
[Source "ChessBase"]
[SourceDate "2012.04.24"]
[SourceVersion "1"]
[SourceVersionDate "2012.04.24"]
[SourceQuality "1"]

1. d4 d5 2. Nf3 Nf6 3. Bf4 c5 4. c3 Qb6 5. Qb3 c4 6. Qc2 Nc6 7. Nbd2 g6 8. e4 Nxe4 9. Nxe4 Bf5 10. Nfd2 dxe4 11. Nxc4 Qd8 12. Ne3 Qd7 13. d5 Nd8 14. g4 g5 15. Be5 f6 16. Nxf5 fxe5 17. Qxe4 Nf7 18. a4 a6 19. Bg2 0-0-0 20. 0-0 h5 21. gxh5 Nd6 22. Nxd6+ exd6 23. Bf3 Kb8 24. Bg4 Qf7 25. Ra3 Be7 26. Rb3 Rdf8 27. h3 Bd8 28. Qc4 Ka7 29. Bc8 Bb6 30. Bxb7 Bxf2+ 31. Kh2 Bg3+ 32. Kxg3 Qxf1 33. Qxf1 Rxf1 34. Bc6 Rb8 35. Rxb8 Kxb8 36. Be8 Rf4 37. a5 Rh4 38. Bg6 e4 39. h6 Rxh6 40. Bxe4 Rh4 41. Bd3 Kb7 42. b4 Rf4 43. Be2 Re4 44. Kf3 Re5 45. Bd3 Re1 46. c4 Rh1 47. Kg4 Rd1 48. Be2 Rd2 49. Bf1 Rf2 50. Bd3 Rg2+ 51. Kh5 Rg3 52. Bf5 Rc3 53. b5 Rxc4 54. bxa6+ Kc7 55. a7 Kb7 56. a6+ Kxa7 57. Kxg5 Rc1 58. h4 Rd1 59. Be6 Rg1+ 60. Bg4 Kxa6 61. h5 Kb6 62. h6 Rh1 63. Bh5 Rg1+ 64. Kf6 Rh1 65. Kg6 Rg1+ 66. Kf5 Rh1 67. Kg5 Rg1+ 68. Bg4 Rh1 69. Be6 Kc5 70. Kg6 Rg1+ 71. Kh5 Rh1+ 72. Kg5 Kd4 73. Bg4 Ke5 74. Bf3 Rg1+ 75. Bg4 Rh1 76. Bf3 Rg1+ 77. Bg4 Rh1 78. Bh5 Rg1+ 79. Bg4 Rh1 1/2-1/2

[Event "Chigorin Memorial 18th"]
[Site "St Petersburg"]
[Date "2010.10.29"]
[Round "2"]
[White "Dreev, Alexey"]
[Black "Syrchikov, Alexander"]
[Result "1-0"]
[WhiteElo "2649"]
[BlackElo "2256"]
[PlyCount "73"]
[EventDate "2010.10.28"]
[EventType "swiss"]
[EventRounds "9"]
[EventCountry "RUS"]
[SourceTitle "EXT 2011"]
[Source "ChessBase"]
[SourceDate "2010.11.26"]
[SourceVersion "1"]
[SourceVersionDate "2010.11.26"]
[SourceQuality "1"]

1. d4 Nf6 2. c4 e6 3. Nf3 b6 4. Nc3 Bb7 5. a3 g6 6. Qc2 Bg7 7. e4 d6 8. Bd3 c5 9. d5 exd5 10. cxd5 0-0 11. 0-0 a6 12. a4 Qe7 13. h3 Nbd7 14. Bf4 Ne8 15. Nd2 Ne5 16. Be2 Bc8 17. Bg3 f5 18. f4 Nf7 19. Rae1 fxe4 20. Ncxe4 Bf5 21. Bd3 Qb7 22. Bh4 Ra7 23. Nc3 Nh6 24. g4 Bd4+ 25. Bf2 Bxd3 26. Qxd3 Bxc3 27. bxc3 Qd7 28. Bh4 Qxa4 29. Re4 Qb5 30. c4 Qa4 31. Be7 Ng7 32. Bxf8 Kxf8 33. Qe3 Ng8 34. Qc3 Qb4 35. Qc2 Rf7 36. Re3 b5 37. Ra1 1-0